|
|
|
|
| LEADER |
00776nam a2200217 a 4500 |
| 001 |
12277713 |
| 008 |
100427s1985 cau 000 0 eng d |
| 010 |
|
|
|a 2001018514
|
| 020 |
|
|
|a 0534094457
|
| 040 |
|
|
|a DLC
|c DLC
|d DLC
|d BD-DhAAL
|
| 082 |
0 |
0 |
|a 155
|2 21
|
| 100 |
1 |
|
|a Baucum, Don.
|
| 245 |
1 |
0 |
|a Development Psychology /
|c Don Baucum.
|
| 250 |
|
|
|a 2nd ed.
|
| 260 |
|
|
|a California :
|b Brooks/cole publishing,
|c 1985
|
| 300 |
|
|
|a x, 345 p. :
|b ill. ;
|c 29 cm.
|
| 541 |
1 |
|
|e 00013657
|
| 650 |
|
0 |
|a Developmental psychology.
|
| 852 |
4 |
|
|a Ayesha Abed Library
|j General shelf
|
| 999 |
|
|
|c 8276
|d 8276
|
| 952 |
|
|
|0 0
|1 0
|2 ddc
|4 0
|6 155_000000000000000_BAU
|7 0
|9 9499
|a BRACUL
|b BRACUL
|c GEN
|d 2010-04-27
|l 1
|m 1
|o 155 BAU
|p 3010013657
|r 2018-01-25
|s 2018-01-14
|t 1
|w 2010-04-27
|y BK
|x Price not available in Register
|